Plant systematics
সংরক্ষণ করুন:
| প্রধান লেখক: | |
|---|---|
| বিন্যাস: | গ্রন্থ |
| ভাষা: | ইংরেজি |
| প্রকাশিত: |
Amsterdam
Elsevier
2010
|
| সংস্করন: | Segunda edición |
| বিষয়গুলি: | |
| ট্যাগগুলো: |
ট্যাগ যুক্ত করুন
কোনো ট্যাগ নেই, প্রথমজন হিসাবে ট্যাগ করুন!
|
MARC
| LEADER | 00000cam a2200000 a 4500 | ||
|---|---|---|---|
| 001 | UCD2986 | ||
| 003 | CL-VaPUC | ||
| 005 | 20230104122433.0 | ||
| 008 | 160520e20100000ne |||||||||||||||||eng|d | ||
| 999 | |c 364095 |d 364093 | ||
| 020 | |a 9780123743800 | ||
| 040 | |c Pontificia Universidad Católica de Valparaíso | ||
| 082 | 0 | 4 | |a 580 SIM 2010 |2 21 |
| 100 | 0 | |a Simpson, Michael G |9 586384 | |
| 245 | 1 | 0 | |a Plant systematics |
| 250 | |a Segunda edición | ||
| 260 | |a Amsterdam |b Elsevier |c 2010 | ||
| 300 | |a 740 páginas | ||
| 583 | |a last modification |c 20160520 11:34:00 |k Rodrigo Vera | ||
| 650 | 0 | |a Filogenia |9 382996 | |
| 650 | 7 | |a CLASIFICACION |2 CL-VaPUC |9 269795 | |
| 650 | 0 | |a Plantas |9 264555 | |
| 942 | |c BK |2 ddc | ||
| 945 | |d 20160520 11:34:00 |a dcastane | ||
| 952 | |0 0 |1 0 |2 ddc |3 erd |4 0 |6 580_000000000000000_SIM_2010 |7 0 |8 A |9 477015 |a BIBCUR |b BIBCUR |i 5287707 |o 580 SIM 2010 |p 5287707 |r 2025-04-22 |t 1 |w 2019-11-24 |y BK |z Catalogado en:20160520 |k BIO | ||
| 952 | |0 0 |1 0 |2 ddc |3 erd |4 0 |6 580_000000000000000_SIM_2010 |7 0 |8 A |9 477016 |a BIBCUR |b BIBCUR |i 5287693 |o 580 SIM 2010 |p 5287693 |r 2025-04-22 |t 2 |w 2019-11-24 |y BK |z Catalogado en:20160520 |k BIO | ||